00293pab a2200121 454500008004000000100001900040245003100059260000900090300001000099362001000109650001800119773003400137180718b2009 xxu||||| |||| 00| 0 eng d aAlwis, Malathi aThe postnational condition c2009 ap.35. a7 Mar aGlobalization aEconomic and Political Weekly